[Event "Sao Paulo m"]
[Site "Sao Paulo"]
[Date "2000.08.11"]
[Round "4"]
[White "Vescovi, Giovanni P"]
[Black "Mecking, Henrique"]
[Result "1/2-1/2"]
[WhiteElo "2526"]
[BlackElo "2560"]
[Annotator "Rogozenco,D"]
[PlyCount "50"]
[EventDate "2000.08.07"]
[EventType "match"]
[EventRounds "6"]
[EventCountry "BRA"]
[SourceTitle "CBM 079"]
[Source "ChessBase"]
[SourceDate "2000.11.21"]
[SourceVersion "1"]
[SourceVersionDate "2000.11.21"]
[SourceQuality "1"]

1. e4 c5 2. Nf3 Nc6 3. d4 cxd4 4. Nxd4 Nf6 5. Nc3 e5 6. Ndb5 d6 7. Bg5 a6 8.
Na3 b5 9. Nd5 Be7 10. Bxf6 Bxf6 11. c3 O-O 12. Nc2 Bg5 13. a4 bxa4 14. Rxa4 a5
15. Bc4 Rb8 16. b3 Kh8 17. O-O f5 18. exf5 Bxf5 19. Nce3 Be6 (19... Bg6) 20.
Qd3 {Although the position is very close to equal, Black still has some
problems to solve, due to his weak pawn structure and the absence of an active
play.} Bxe3 {This is a simple plan in which Black plays obviously for a draw.
The other plan with Qd7-f7 leads to a more complicated position.} (20... Qd7
21. Rd1 Qf7 (21... Bf7 22. Nf1 Bg6 23. Qe2 Bh4 24. Ng3 Bxg3 25. hxg3 Bf7 26.
Ra2 $14 {1-0 Bologan,V-Zjukin,S/Tallin 1998/(40)}) 22. Ra2 Bd8 23. Qe4 Rc8 $13
{1/2-1/2 Ciemniak,R-Sopur,L/Bielsko-Biala 1991/ (62)}) 21. Nxe3 (21. fxe3 Rxf1+
22. Qxf1 Bxd5 23. Bxd5 Ne7 24. Qf3 Nxd5 25. Qxd5 Qb6 26. Kf2 Qxb3 27. Qxb3 Rxb3
28. Rxa5 h6 {1/2-1/2 Roberts,D-Delaney,A/IRL 1995/}) (21. Qxe3 $142 Bxd5 (21...
Ne7 22. Nxe7 Qxe7 (22... Bxc4 $2 23. Nc6 Qc7 24. Rxc4 $18) 23. Bxe6 Qxe6 24. c4
{[%csl Ra5] and Black has serious problems defending a5.} d5 25. Rxa5 dxc4 26.
Rxe5 Qg8 27. bxc4 Qxc4 $16) 22. Bxd5 Ne7 23. Be4 d5 (23... Rxb3 24. Bxh7 $1 Nd5
(24... Kxh7 25. Qh3+ Kg8 26. Qe6+ $18) 25. Qh3 Nf4 (25... Rxc3 26. Bd3+ Kg8 27.
Qe6+ $18) 26. Rxf4 Rxf4 27. g4 $1 $36) 24. Bc2 e4 25. Rd1 $14 {1-0 Piza,
V-Novacek,K/Plzen 1998/(40)}) 21... Bxc4 22. Qxc4 (22. Rxc4 Ne7 $11) 22... Ne7
23. Raa1 (23. Rfa1 Rf4 $11) 23... Rf4 24. Qa6 Rxb3 25. c4 h6 1/2-1/2

[Event "EU-chT (Men) 15th"]
[Site "Gothenburg"]
[Date "2005.08.03"]
[Round "5.2"]
[White "Sulskis, Sarunas"]
[Black "Nedev, Trajce"]
[Result "0-1"]
[WhiteElo "2535"]
[BlackElo "2530"]
[Annotator "Rogozenco,D"]
[PlyCount "65"]
[EventDate "2005.07.30"]
[EventType "team-swiss"]
[EventRounds "9"]
[EventCountry "SWE"]
[SourceTitle "CBM 109"]
[Source "ChessBase"]
[SourceDate "2005.11.14"]
[SourceVersion "1"]
[SourceVersionDate "2005.11.14"]
[SourceQuality "1"]
[WhiteTeam "Lithuania"]
[BlackTeam "Macedonia"]
[WhiteTeamCountry "LTU"]
[BlackTeamCountry "MKD"]

1. e4 c5 2. Nf3 Nc6 3. d4 cxd4 4. Nxd4 Nf6 5. Nc3 e5 6. Ndb5 d6 7. Bg5 a6 8.
Bxf6 gxf6 9. Na3 b5 10. Nd5 Bg7 11. g4 $6 {The idea behind this rare move is
clear - to prevent the advance ...f5, but White is not prepared for such
ambitious strategy. First of all 11.g4 creates lots of weaknesses and in the
absence of white dark-squared bishop they are difficult to protect. Secondly
Black can always attack White´s advanced g-pawn by means of ...h5, which would
immediately activate the rook h8. Thirdly, the knight on a3 is still out of
play and cannot take part in any kingside play. Furthermore, even if Black
will not succeed to prepare ...f5, his dark-squared bishop can always be
activated via h6. All this make 11.g4 to be a dubious continuation, not even
worth to surprise the opponent, since Black´s play is very easy.} ({Main
continuations are} 11. Bd3) ({and} 11. c3) 11... Ne7 $1 {Trading White´s most
powerful piece is certainly a good reaction to White´s wing strategy.} (11...
h5 $5 12. gxh5 f5 13. Rg1 (13. Bd3 Ne7 14. Nxe7 Qxe7 15. c3 Bb7 16. Qf3 Qg5 $17
{0-1 Johnsen,K-Royset,J (2249)/Tromsoe 1999/EXT 2000 (36)}) 13... Kf8 (13...
Bh6 $142 $44) 14. exf5 (14. Nb6 $5 Rb8 (14... Qxb6 $2 15. Qxd6+ Kg8 16. h6 Rh7
17. Qf6 $18) 15. Nxc8 Rxc8 16. Bh3 Nd4 17. c3 Qh4 18. Bxf5 Nxf5 19. exf5 $13)
14... Bxf5 15. c3 b4 (15... Qh4 $6 16. Ne3 {[%csl Rd6,Rf5] 0-1 Turner,
J-Fletcher,J/Chepstow 1999 (31)}) 16. cxb4 (16. Nxb4 Nxb4 17. cxb4 d5 $44) (16.
Nc4 bxc3 17. bxc3 e4 18. Nce3 Be6 $44) 16... Nd4 $44 {[%csl Ra3]}) 12. Be2 $146
(12. Nxe7 Qxe7 13. Bg2 (13. f3 $2 h5 14. h3 hxg4 15. fxg4 f5 16. exf5 (16. gxf5
Qh4+ $19) 16... Qh4+ 17. Ke2 Bb7 18. Rg1 d5 $19) (13. c3 h5 14. gxh5 f5 15. Rg1
Bh6 16. Bg2 Bb7 17. exf5 d5 18. Bxd5 Rd8 19. f6 Qxf6 20. Bxb7 Rxd1+ 21. Rxd1
Bf8 22. Nc2 Bc5 $17 {0-1 Verduga,D (2405)-Yakovich,Y (2470)/Santa Clara 1990 
(56)}) 13... h5 14. h3 (14. gxh5 f5 15. exf5 e4 16. c3 Bb7 (16... Bxf5 $2 17.
Qd5 $18) (16... Qe5 $5 17. Nc2 Bxf5 (17... d5 18. a4 $13) 18. a4 Rc8 19. axb5
Qxb5 $13) 17. Nc2 d5 $44 18. a4 $140 b4 $17) 14... d5 $5 (14... Be6 15. c3 Qd7
$36) 15. Qxd5 (15. exd5 Qb4+ 16. c3 Qxb2 17. Qc1 Qxc1+ 18. Rxc1 hxg4 $19) 15...
Bb7 16. Qb3 Rd8 $44) (12. Ne3 Bb7 13. Bg2 (13. Qd3 d5 $17 {0-1 Holemar,K-Hjort,
J/Prague 1996 (21)}) 13... O-O 14. O-O Kh8 15. c3 Rg8 16. Qd3 Ng6 17. Nd5 Qd7
18. Bf3 Bxd5 19. exd5 Nf4 20. Qf5 Qxf5 21. gxf5 Bh6+ 22. Kh1 Rg5 23. h4 Rg7 24.
c4 e4 25. Bd1 Rag8 26. Nc2 Nd3 $19 {0-1 Song,P (2225)-Rohwer,P/Philadelphia
1992 (28)}) 12... Nxd5 13. Qxd5 (13. exd5 f5 $17) 13... Be6 14. Qc6+ (14. Qd2
d5 $17) (14. Qb7 Qa5+ $5 (14... Qc8 15. Qxc8+ Rxc8 $17) 15. c3 Rc8 $17) 14...
Ke7 15. Qb7+ {Trading queens is White´s best solution, even if in the arising
endgame he must fight for equality.} (15. O-O-O Qb8 $1 {[%cal Gh8c8]} 16. Qc3
b4 $19) 15... Qd7 16. Qxd7+ Bxd7 17. c4 $6 {White must have tried to keep the
position closed.} (17. h3 h5 18. O-O-O Bc6 19. Bf3 (19. f3 hxg4 20. hxg4 Rxh1
21. Rxh1 d5 $15) 19... Bh6+ 20. Kb1 Bf4 $15) 17... h5 $1 18. cxb5 (18. f3 hxg4
19. fxg4 Rh4 20. h3 Bc6 21. Bf3 f5 22. gxf5 Bxe4 $17) (18. gxh5) 18... hxg4 19.
bxa6 {In spite of being a pawn up, White´s position is worse. As usual, in
Sveshnikov Sicilian winning Black´s queenside pawns means for White to abandon
the center, which often leads to disaster. Here Black also has a very active
rook on h8, which adds additional ideas for the second player.} Bc6 ({Stronger
is} 19... f5 $1 20. exf5 (20. Bd3 fxe4 21. Bxe4 d5 22. Bxd5 Rxa6 23. Nc4 e4 $17
24. Bxe4 $140 $2 Re6 $19) 20... e4 21. Nc2 (21. O-O-O Bxf5 $17) (21. Nc4 Rxa6
22. Bxg4 d5 23. Ne3 Bc6 $17) 21... Bxb2 22. Rb1 Bc3+ 23. Kf1 Bxf5 24. Ne3 Be6
25. Rb7+ Kf6 26. Rg1) 20. Rc1 {The right idea to activate the rook, but White
starts with the wrong move order. In such situations every mistake often has
drastic consequences.} ({Correct was} 20. Rg1 $1 Rxh2 ({After} 20... Bxe4 $2
21. Rxg4 Bg6 22. Rc1 {[%cal Gg4b4] Whte brings conveniently his forces into
play:} Rxh2 23. Rc7+ Kf8 (23... Kd8 24. Rxg6 $19) 24. Rg1 $5 {[%csl Ga6][%cal
Ga6a7]}) 21. Rc1 $1 (21. Rxg4 $2 Rh1+ 22. Bf1 Bh6 $17) 21... Bxe4 22. Rc7+ Ke6
23. a7 (23. Bxg4+ $1 f5 24. Bxf5+ Bxf5 25. Rxg7 Rxa6 26. Rgxf7 Be4 $11) 23...
f5 24. Nc4 Bf6 25. Nb6 {This complicated position is double-edged. For
instance:} Bh4 26. Rf1 $8 (26. Nxa8 $2 Bxf2+ 27. Kf1 (27. Kd1 Bxg1 $19) 27...
Bxg1 28. Kxg1 g3 $19) 26... g3 (26... Rxa7 27. Rxa7 Bg2 28. Bc4+ Kf6 29. Rxf7+
Kg6 $13) 27. fxg3 Bxg3+ 28. Kd1 Rd8 29. Bc4+ d5 30. Rc6+ (30. Bb3 Rxb2 31. Rc6+
(31. a8=Q Rxa8 32. Nxa8 Bd3 $17) 31... Ke7 32. Rc7+ Kf6 $17) 30... Ke7 31. Rc7+
Ke6 32. Rc6+ $11) 20... Bxe4 21. Rc7+ Ke6 22. Rg1 f5 $1 $17 23. f3 $2 {The
last mistake in a sharp, but rather difficult position.} (23. Nb5 Bf6 (23...
Rxh2 $5) 24. Nc3 Bd8 25. Bc4+ d5 26. Rc6+ Ke7 ({or} 26... Kd7 27. Bb5 Bd3 $5
28. Ba4 Ke7 29. Nxd5+ Kf8 30. Nc7 Bxc7 31. Rxc7 Rxa6 $17) 27. Nxd5+ Kd7 28. Rc5
Kd6 29. b4 Rxh2 $17) (23. a7 Bf6 24. Nb5 Bd8 $17 25. Bc4+ $140 $2 d5 26. Rc6+
Ke7 $19) 23... gxf3 $19 24. Bc4+ (24. Rxg7 fxe2 25. Rcxf7 Bd3 $19) 24... d5 25.
Rxg7 (25. Bxd5+ Kxd5 26. Rxg7 Rxh2 $19) 25... dxc4 26. Rgxf7 (26. Nxc4 Rxh2 $19
) 26... Rxh2 27. Rce7+ Kd5 28. Rd7+ Kc5 29. Rc7+ Kd4 30. Rfd7+ Ke3 31. Nxc4+
Kf4 32. a7 Rah8 33. Rg7 (33. Rg7 Re2+ 34. Kf1 (34. Kd1 Rh1+) 34... Bd3 $19) 0-1

[Event "Dortmund SuperGM"]
[Site "Dortmund"]
[Date "2000.07.15"]
[Round "8"]
[White "Anand, Viswanathan"]
[Black "Leko, Peter"]
[Result "1/2-1/2"]
[WhiteElo "2762"]
[BlackElo "2743"]
[Annotator "Rogozenco,D"]
[PlyCount "48"]
[EventDate "2000.07.07"]
[EventType "tourn"]
[EventRounds "9"]
[EventCountry "GER"]
[EventCategory "17"]
[SourceTitle "CBM 078"]
[Source "ChessBase"]
[SourceDate "2000.10.18"]
[SourceVersion "1"]
[SourceVersionDate "2000.10.18"]
[SourceQuality "1"]

1. e4 c5 2. Nf3 Nc6 3. d4 cxd4 4. Nxd4 Nf6 5. Nc3 e5 6. Ndb5 d6 7. Bg5 a6 8.
Na3 b5 9. Nd5 Be7 10. Bxf6 Bxf6 11. c3 O-O 12. Nc2 Bg5 13. a3 (13. a4 $142)
13... Ne7 14. Ncb4 Be6 (14... Bb7) 15. Qd3 f5 $36 16. h4 Bh6 17. Rd1 fxe4 18.
Qxe4 a5 (18... Nxd5 $6 19. Nxd5 Bf5 20. Qe2) 19. Nxe7+ Qxe7 20. Nd5 Qa7 21. f3
{Black has a very promising position, but is not easy to create dangerous
threats. White has good control over the central squares and in order to open
the central files Leko sacrifises a pawn.} (21. Qe2 Qc5 $17 22. b4 axb4 23.
axb4 Qa7 $19 {[%csl Rc3,Re1]}) 21... Bf4 (21... Bf5 22. Qe2 {brings nothing,
as White threatens g4-g5.}) 22. Bd3 (22. Nxf4 $6 Rxf4 23. Qc6 e4 $36) 22... Bf5
23. Qe2 e4 $5 (23... Bg3+ 24. Kd2 Be6 (24... Bxd3 25. Qxd3 Qf2+ 26. Qe2) 25.
Qe4 g6 26. h5 $13) 24. Bxb5 $1 {A computer-like move. It's amazing that this
risky move is probably the best decision.} (24. Bxe4 $2 Bxe4 25. Nxf4 (25. fxe4
Bg3+ $19) 25... Rxf4 26. fxe4 Re8 $19) (24. fxe4 Bxe4 $1 (24... Bg3+ 25. Kd2
Rae8 26. Rdf1 $16) 25. Nxf4 (25. Bxe4 Bg3+ 26. Kd2 Rf2 $19) 25... Bxd3 26. Rxd3
Rxf4 $36 {[%csl Re1]}) (24. Nxf4 $6 exd3 25. Qf2 Rae8+ 26. Kf1 Qf7 $17) 24...
exf3 (24... Bg3+ 25. Kd2 (25. Kf1 $2 Bg4 $19) 25... exf3 26. gxf3 $13 (26. Qxf3
Be5 $13)) (24... exf3 25. Qxf3 Be5 $44) 1/2-1/2

[Event "Olympiad-34"]
[Site "Istanbul"]
[Date "2000.10.30"]
[Round "3.2"]
[White "Ponomariov, Ruslan"]
[Black "Rogozenco, Dorian"]
[Result "1/2-1/2"]
[WhiteElo "2630"]
[BlackElo "2531"]
[Annotator "Rogozenco,D"]
[PlyCount "111"]
[EventDate "2000.10.28"]
[EventType "team-swiss"]
[EventRounds "14"]
[EventCountry "TUR"]
[SourceTitle "EXT 2001"]
[Source "ChessBase"]
[SourceDate "2000.11.22"]
[SourceVersion "1"]
[SourceVersionDate "2000.11.22"]
[SourceQuality "1"]
[WhiteTeam "Ukraine"]
[BlackTeam "Romania"]
[WhiteTeamCountry "UKR"]
[BlackTeamCountry "ROU"]

1. e4 c5 2. Nf3 Nc6 3. d4 cxd4 4. Nxd4 Nf6 5. Nc3 e6 6. Ndb5 d6 7. Bf4 e5 8.
Bg5 a6 9. Na3 b5 10. Bxf6 gxf6 11. Nd5 f5 12. c3 Bg7 13. exf5 Bxf5 14. Nc2 O-O
15. Nce3 Bg6 {The move that became an interesting alternative to 15. ... Be6.}
16. h4 Be4 17. a4 $1 $146 {[%mdl 8] During the game I thought that my opponent
is improvising, but as he told me later, he prepared and analyzed this novelty
at home. It is amazing that in Sveshnikov Sicilian White often fights for
advantage by pushing his marginal pawns.} Bxd5 $5 (17... Ne7 {Objectively I
think this is a better reaction. However, I wanted to create an active play
and open the position, that's why I was ready to sac a pawn.}) (17... b4 18.
Bc4 $5) 18. Nxd5 (18. Qxd5 Ne7 19. Qb3 (19. Qf3 d5 $1 (19... f5 20. axb5) 20.
Nf5 e4 21. Nxe7+ (21. Qg4 Nxf5 22. Qxf5 b4 $17) 21... Qxe7 $17) 19... d5 20.
axb5 d4 $13 (20... axb5 $5)) 18... b4 19. cxb4 (19. Nxb4 $6 Nxb4 20. cxb4 d5
$44 (20... Qb6 $44)) 19... Kh8 20. Rc1 $1 (20. Bd3 e4 $1 (20... f5 21. Rc1 $1
$16) 21. Bc2 f5 $44) 20... Ne7 21. Bc4 (21. Nc7 Rc8 22. Nxa6 e4 (22... Rxc1 $5
23. Qxc1 Qa8 $44) 23. Rxc8 Qxc8 24. Qd2 d5 $44) 21... f5 22. Rh3 (22. Qd2 Rc8
$5 23. Nxe7 Qxe7 24. Bxa6 Rxc1+ 25. Qxc1 e4 $5 $44) 22... e4 23. Qd2 (23. Nf4
Qb6 $44 (23... Qb8 $5)) 23... Be5 24. Qg5 $5 {White played very precisely
avoiding any risks, so he immediately uses the opportunity to trade Queens and
get a better endgame.} Nxd5 $2 {From my side, I was quite disappointed that I
couldn't really create counterplay and now I thought "ok, let's make a draw in
a slightly worse endgame". But here it was a decissive moment, Black needs to
play very exactly to avoid troubles.} (24... Bxb2 $1 {The right move order.}
25. Rc2 Nxd5 26. Qxd8 Raxd8 (26... Rfxd8 $2 27. Bxd5 $18) 27. Rxb2 (27. Bxd5
Be5 28. b5 axb5 29. axb5 Rb8 $14 {/=.}) 27... Nf4 (27... Nb6 28. Be2 Nxa4 29.
Ra2 Nb6 30. Rxa6 Rb8 $13) 28. Rg3 Ra8 $1 29. Rd2 Rfd8 30. Rg5 d5 $13) 25. Qxd8
Raxd8 (25... Rfxd8 $5 26. Bxd5 Rac8 $14) 26. Bxd5 Bxb2 27. Rc6 $1 Rc8 28. Rb3 (
28. b5 $142 $1 {I was afraid of this move. I might admit that Black holds, but
it is extremely unpleasant.} axb5 29. axb5 Bd4 30. Rb3 $1 Ra8 31. b6 (31. Ra6
$1 $16) 31... Ra1+ 32. Kd2 Ra2+ 33. Rc2 (33. Kc1 $2 Ra1+ 34. Rb1 Rxb1+ 35. Kxb1
Rb8 $15) 33... Rxc2+ 34. Kxc2 Bxf2 35. b7 Ba7 36. Rc3 Kg7 37. Rc8 e3 38. Kd3 f4
$16 {Maybe Black isn't losing here, but the position is extremely ugly.}) 28...
Rxc6 29. Bxc6 Bd4 30. Bb7 (30. b5 axb5 31. axb5 Bb6 $11) 30... Rb8 31. Bxa6
Rxb4 $1 32. Rxb4 Bc3+ 33. Ke2 Bxb4 {We both went to this endgame. I was sure
it is a draw, while my opponent thought the opposite. However, the ending
seems more complicated than I thought, but it is probably drawn.} 34. Bc8 f4
35. Bb7 f3+ (35... e3 $2 36. fxe3 fxe3 37. Kxe3 {This looks worse than the
game and is probably lost.}) 36. gxf3 exf3+ 37. Kxf3 Kg7 38. Kg4 Kf6 39. f4 Bd2
40. h5 h6 41. Kf3 (41. Bd5 $142 {Better, but Black holds anyway.} Ba5 42. Kf3
Kf5 $8 (42... Bd2 $2 43. Ke4 {Surprisingly, here White is winning, or at least
this is how I understand the position. The following variation shows White's
plan.} Ba5 44. Bc4 Bd2 45. Bb3 (45. Bd3 d5+ $1 $11) 45... Ba5 (45... Ke7 46.
Bc2 d5+ (46... Ke6 47. f5+ Kf6 48. Kd3 Ba5 49. Kc4 Kg5 50. Kb5 Bc3 51. a5 Kxh5
52. a6 Bd4 53. f6 $18) 47. Ke5 d4 48. f5 $18) 46. Bc2 Bd2 47. f5 Kg5 48. Kd3 $1
Ba5 49. Kc4 Kxh5 50. f6 d5+ 51. Kxd5 Bb4 52. f7 Kg5 53. a5 Kf6 54. a6 $18) 43.
Be4+ Ke6 $1 (43... Kf6 44. Bb7 Kf5 45. Bc8+ Kf6 46. Ke4 Bd2 47. Bb7 Ke6 48.
Bd5+ Kf6 49. Bc4 {/\Bd3 +-.}) 44. Bh7 (44. Bb7 d5 $11) 44... Bd2 $1 (44... d5
$2 45. Bg8+ Kd6 46. Kg4 Bd2 47. Kf5 $22 $18 Kc5 48. Ke5 Bc3+ 49. Ke6 Kb4 50. f5
d4 51. f6 Kxa4 (51... d3 52. Bh7 d2 53. Bc2 $18) 52. Bh7 Kb3 53. f7 Bb4 54. Kd7
Kc3 55. Ke8 d3 56. Bf5 d2 57. Bg4 $18) 45. Kg4 (45. Ke4 d5+ $11) (45. Bg8+ Kf5)
45... Kf6 46. Bg8 Kg7 47. Bb3 Kf6 48. Kf3 Kf5 $11) 41... Kf5 42. Bc8+ Kf6 43.
Ke4 d5+ $1 $11 {After this important advance, it is much easier to hold.} 44.
Kf3 Ba5 45. Kg4 Bd2 46. Ba6 Ba5 47. Bd3 Bc7 48. Bc2 Ba5 49. Kf3 Bb6 50. Bh7 Kg7
$1 {White can never play Bg8, and this proves to be the decisive factor.} (
50... Ba5 $2 51. Bg8 d4 52. Bh7 {[%cal Rh7d3,Gf3d5,Yf4f5] The Bishop comes to
d3, and then Ke4, f5 and Kd5 follows.}) (50... Ke6 $2 51. Bg8+ Kd6 52. Kg4 Ba5
53. Kf5 Bd2 54. Bf7 {and Black finds himself in Zugzwang.} Bc1 (54... Kc5 55.
Ke5 d4 56. f5 d3 57. Ke4 $18) 55. Be8 {First improving the Bishop's position.}
Bd2 56. Bb5 Bc1 57. Bf1 Bd2 58. Bd3 Bc1 59. a5 Kc5 60. Ke5 $18) 51. Bf5 Kf6 52.
Bc8 Ba5 53. Ke3 Bb6+ 54. Kd3 Bc7 55. f5 Ke5 56. Be6 1/2-1/2

[Event "Hyderabad WIPRO"]
[Site "Hyderabad"]
[Date "2000.07.19"]
[Round "4"]
[White "Ganguly, Surya Shekhar"]
[Black "Prasad, Devaki V"]
[Result "0-1"]
[WhiteElo "2498"]
[BlackElo "2431"]
[Annotator "Rogozenco,D"]
[PlyCount "84"]
[EventDate "2000.07.16"]
[EventType "tourn"]
[EventRounds "11"]
[EventCountry "IND"]
[EventCategory "10"]
[SourceTitle "CBM 079"]
[Source "ChessBase"]
[SourceDate "2000.11.21"]
[SourceVersion "1"]
[SourceVersionDate "2000.11.21"]
[SourceQuality "1"]

1. e4 c5 2. Nf3 Nc6 3. d4 cxd4 4. Nxd4 Nf6 5. Nc3 e5 6. Ndb5 d6 7. Bg5 a6 8.
Na3 b5 9. Bxf6 gxf6 10. Nd5 f5 11. Bxb5 $5 axb5 12. Nxb5 Ra4 13. Nbc7+ Kd7 14.
O-O (14. b4 {is fashionable these days. White succeeded to win several games
with it recently.}) 14... Rxe4 15. Qh5 Ne7 (15... Qh4 $5 {bringing the Queen
to kingside and hoping to create threats against white King.} 16. Qxf7+ Be7 17.
g3 (17. Ne6 {/\ 18.Nb6#.} Nd8 18. Nxd8 Kxd8 19. g3 Rg4 20. Kh1 Qg5 21. f3 (21.
f4 Qg7 $19) 21... Rf8 22. Qxh7 Bb7 $132) 17... Rg4 18. Nb5 (18. Qxf5+ Kd8 19.
Ne6+ Bxe6 20. Qxe6 Nd4 21. Qxe7+ Qxe7 22. Nxe7 Kxe7 $15) (18. Kh1 Qh6 $13)
18... f4 19. Rad1 fxg3 20. fxg3 Rxg3+ 21. hxg3 Qxg3+ 22. Kh1 Qh3+ {1/2-1/2
Garcia,G-Di Benedetto,G/Isla del Cerrito 1999}) 16. Qxf7 Kc6 17. c4 Qd7 (17...
Rg8 {was played several times. However, the whole line needs further practical
tests.}) 18. Na8 {Placing the Knight in the corner is a frequent idea in 11.
Bxb5 line.} (18. Rfc1 Ng6 $2 (18... Nxd5 19. cxd5+ Kb7 20. Qh5 $13) 19. Ne6 Nh4
$2 (19... Qxf7 20. Nd8+ Kd7 21. Nxf7 Bg7 22. Nxh8 Bxh8 23. Nb6+ Kc7 24. Nxc8
Kxc8 $16) (19... Bh6 20. Qxf5 Rh4 21. Qc2 $1 $18) 20. Qf6 Rg8 21. Nd8+ {
1-0 Ellison,D-Koshy,V/Isle of Man 1993}) 18... Qe6 (18... Ng6 19. Nb4+ Kb7 20.
Qd5+ Kb8 21. Nc6+ Kxa8 22. Qb5 Qb7 23. Qa5+ Qa6 24. Qc7 Qb7 25. Qa5+ Qa6 26.
Qc7 Qb7 27. Qa5+ Qa6 28. Qc7 Qb7 {1/2-1/2 Minciotti,F-Marchand,E/Pau 1989/EXT
97 (28)}) 19. Qe8+ Qd7 (19... Bd7 $2 20. Qb8 $18) 20. Nxe7+ Bxe7 21. Qxh8 Kb7 {
White has material advantage, but he has to play active. The Bishops are
potentially dangerous, that's why is important to create more threats against
black King so that Black would not be able to create counterplay.} 22. Rfd1 {
The next several moves are very important for the evaluation of the position.
Every waste of time may play a decisive role.} (22. Rfc1 Kxa8 23. Qxh7 {
[%csl Ra8][%cal Gh7h3,Gh3b3,Gh3a3]} (23. Rc3 $5)) 22... Qe6 (22... Rxc4 $5 23.
Rac1 $140 Rxc1 24. Rxc1 Bd8 $1) 23. Rac1 Kxa8 24. Qe8 (24. Rc3 Rxc4) (24. Qxh7
$5 Rh4 25. Qg7 Rg4 26. Qh8) 24... Rd4 $1 25. b4 (25. Rxd4 $6 exd4 {and the
passed pawn is more important than the broken pawn structure. However, White
should not be worse here, thanks to exposed black King and many pawn
weaknesses.}) 25... Ka7 26. Qa4+ (26. Rxd4 exd4 27. Qh8 Bf6 28. Qxh7+ Bb7 $13)
(26. b5 $6 Bd7) 26... Kb8 27. Rxd4 $6 (27. Qb3 $13 {and pushing a- and b-pawns
looks better to me.}) 27... exd4 $132 28. c5 $2 (28. Qb5+ Bb7 29. Qe8+ Kc7 {
and I would prefer Black.}) 28... dxc5 29. bxc5 (29. Qb5+ Bb7 30. bxc5 Qc6 31.
Qxc6 Bxc6 $17) 29... Bxc5 $17 30. h3 Bb6 31. Rc6 $2 {A blunder, but White's
position was difficult to play in any case.} Qe1+ 32. Kh2 Bc7+ $19 33. Rxc7
Qe5+ 34. g3 Kxc7 35. Qc4+ Kb8 36. Qb4+ Bb7 37. Qf8+ Kc7 38. Qf7+ Kb6 39. Qb3+
Qb5 40. Qe6+ Qc6 41. Qb3+ Kc5 42. Qa3+ Kd5 0-1